00925 2200337 4500001002100000005001500021035002000036007000300056040001700059100003100076245005800107250001300165300003500178504002500213020002200238041000800260082000800268084001400276090002000290264003900310336002100349337003000370338002300400500002900423650001200452700002800464850001000492008004100502990002200543990002200565INLIS00000000000778320260529042132 a0010-0922000272ta aSBPUPADbind0 aDayu PratyaharaePengarang1 aMeraup Untung Budi Daya Kelengkeng /cDayu Pratyahara a.- cet.1 a111 hlm :bilus. ;c14 x 20 cm aBibliografi, hlm 109 a978-602-70501-6-707aind a634 a634 DAY m a634 DAY m L18-9 a.--Yogyakarta :bSalma Idea,c2017 2rdacontentateks 2rdamediaatanpa perantara 2rdacarrieravolume aTentang Penulis, hlm 111 4aTanaman0 aEditor, HaqiePengarang aPUPAD260529 0  a28.883/B/DPK/2018 a28.884/B/DPK/2018